[Event "Ostrava Konik op"]
[Site "Ostrava"]
[Date "2014.05.03"]
[Round "8"]
[White "Radecki, Petr"]
[Black "Petrov, Bogoljub"]
[Result "1-0"]
[WhiteElo "2013"]
[BlackElo "1953"]
[PlyCount "92"]
[EventDate "2014.04.26"]
[EventType "swiss"]
[EventRounds "9"]
[EventCountry "CZE"]
[SourceTitle "CBM 160 Extra"]
[Source "ChessBase"]
[SourceDate "2014.07.01"]
[SourceVersion "1"]
[SourceVersionDate "2014.07.01"]
[SourceQuality "1"]

1. d4 Nf6 2. c4 g6 3. Nc3 Bg7 4. e4 d6 5. Nf3 0-0 6. Be2 c5 7. d5 a6 8. a4 Nh5 9. Be3 Nd7 10. h3 Qc7 11. Qd2 Nhf6 12. 0-0 Kh8 13. Kh1 Ng8 14. Rad1 b6 15. Nh2 Rd8 16. f4 Ra7 17. g4 f6 18. h4 f5 19. exf5 gxf5 20. g5 Nf8 21. h5 h6 22. Nf3 e5 23. Nh4 e4 24. Rf2 Qe7 25. Rdf1 Bd7 26. Rg2 Qe8 27. Rfg1 Bc8 28. Bd1 Rc7 29. Rh2 Kh7 30. Ne2 b5 31. Ng3 Ne7 32. axb5 axb5 33. b3 bxc4 34. bxc4 Rb7 35. Qg2 Kh8 36. Ng6+ Kh7 37. Nh4 Kh8 38. gxh6 Bf6 39. Ngxf5 Rb2 40. Qg3 Rxh2+ 41. Kxh2 Bxf5 42. Nxf5 Qf7 43. Nxe7 Bxe7 44. Qg7+ Qxg7 45. hxg7+ Kg8 46. gxf8Q+ Kxf8 1-0

[Event "Ostrava Konik op"]
[Site "Ostrava"]
[Date "2014.05.02"]
[Round "7"]
[White "Kozelsky, Marek"]
[Black "Radecki, Petr"]
[Result "1/2-1/2"]
[WhiteElo "1933"]
[BlackElo "2013"]
[PlyCount "85"]
[EventDate "2014.04.26"]
[EventType "swiss"]
[EventRounds "9"]
[EventCountry "CZE"]
[SourceTitle "CBM 160 Extra"]
[Source "ChessBase"]
[SourceDate "2014.07.01"]
[SourceVersion "1"]
[SourceVersionDate "2014.07.01"]
[SourceQuality "1"]

1. e4 c5 2. Nf3 Nc6 3. d4 cxd4 4. Nxd4 Qb6 5. Nb3 Nf6 6. Nc3 e6 7. Be3 Qc7 8. Bd3 Be7 9. f4 d6 10. Qf3 a6 11. g4 Nd7 12. 0-0-0 b5 13. Kb1 Bb7 14. Qf2 Rb8 15. Rhg1 Ba8 16. f5 Nce5 17. g5 Nc4 18. Bd4 e5 19. Ba7 Rc8 20. Be3 Nxe3 21. Qxe3 Nb6 22. Qf3 Nc4 23. Nd5 Bxd5 24. exd5 Bd8 25. f6 g6 26. Qe4 Qa7 27. Qg4 Qd7 28. Qg3 h5 29. h4 Bb6 30. Rge1 0-0 31. Nd2 Nxd2+ 32. Rxd2 Ba5 33. c3 b4 34. b3 Rxc3 35. Qf2 Qb7 36. Rc1 Bb6 37. Qe2 Qd7 38. Rdc2 Rxc2 39. Rxc2 a5 40. Rc6 Bc5 41. Qc2 a4 42. bxa4 Kh7 43. Be2 1/2-1/2

[Event "Ostrava Konik op"]
[Site "Ostrava"]
[Date "2014.04.28"]
[Round "3"]
[White "Cyron, Karel"]
[Black "Radecki, Petr"]
[Result "0-1"]
[WhiteElo "1792"]
[BlackElo "2013"]
[PlyCount "42"]
[EventDate "2014.04.26"]
[EventType "swiss"]
[EventRounds "9"]
[EventCountry "CZE"]
[SourceTitle "CBM 160 Extra"]
[Source "ChessBase"]
[SourceDate "2014.07.01"]
[SourceVersion "1"]
[SourceVersionDate "2014.07.01"]
[SourceQuality "1"]

1. e4 c5 2. Nf3 Nc6 3. d4 cxd4 4. Nxd4 Qb6 5. Nxc6 bxc6 6. Bd3 g6 7. 0-0 Bg7 8. c3 Nf6 9. Qe2 0-0 10. Be3 Qc7 11. Nd2 d5 12. Bg5 e5 13. Kh1 Nh5 14. g3 Bh3 15. Rfe1 Be6 16. b4 h6 17. Bh4 a5 18. a4 Qd7 19. Nb3 dxe4 20. Nc5 exd3 21. Qxh5 Qd5+ 0-1

[Event "Ostrava Konik op"]
[Site "Ostrava"]
[Date "2014.04.26"]
[Round "1"]
[White "Cech, Jan"]
[Black "Radecki, Petr"]
[Result "1/2-1/2"]
[WhiteElo "1615"]
[BlackElo "2013"]
[PlyCount "47"]
[EventDate "2014.04.26"]
[EventType "swiss"]
[EventRounds "9"]
[EventCountry "CZE"]
[SourceTitle "CBM 160 Extra"]
[Source "ChessBase"]
[SourceDate "2014.07.01"]
[SourceVersion "1"]
[SourceVersionDate "2014.07.01"]
[SourceQuality "1"]

1. e4 c5 2. c3 d5 3. exd5 Qxd5 4. d4 Nf6 5. Be3 cxd4 6. cxd4 e6 7. Nc3 Qa5 8. a3 Nd5 9. Bd2 Nc6 10. Nf3 Be7 11. Bc4 Qd8 12. Ne4 Nb6 13. Bb5 Qd5 14. Nc3 Qd6 15. Be3 0-0 16. 0-0 Nd5 17. Nxd5 Qxd5 18. Qd3 Bf6 19. Bc4 Qh5 20. Rfd1 Ne7 21. Qe4 Nd5 22. Ne5 Nxe3 23. Qxe3 Rd8 24. Rac1 1/2-1/2

[Event "Karvina op"]
[Site "Karvina"]
[Date "2013.07.03"]
[Round "5"]
[White "Konecny, Vladimir"]
[Black "Radecki, Petr"]
[Result "0-1"]
[WhiteElo "1839"]
[BlackElo "2021"]
[PlyCount "48"]
[EventDate "2013.06.29"]
[EventType "swiss"]
[EventRounds "9"]
[EventCountry "CZE"]
[SourceTitle "CBM 155 Extra"]
[Source "ChessBase"]
[SourceDate "2013.08.26"]
[SourceVersion "1"]
[SourceVersionDate "2013.08.26"]
[SourceQuality "1"]

1. d4 Nf6 2. Nf3 g6 3. e3 Bg7 4. c4 0-0 5. b3 c5 6. Bb2 cxd4 7. Bxd4 Nc6 8. Bc3 d6 9. Be2 e5 10. 0-0 Qe7 11. Nbd2 d5 12. Qc2 d4 13. Bb2 dxe3 14. fxe3 Qc5 15. Rae1 Ng4 16. Ne4 Qxe3+ 17. Nf2 Qc5 18. Bc1 Bf5 19. Bd3 Nb4 20. Ba3 Nxc2 21. Bxc5 Nxe1 22. Bxf5 Nxf3+ 23. gxf3 Nxf2 24. Bxf8 Bxf8 0-1

[Event "Karvina op"]
[Site "Karvina"]
[Date "2002.??.??"]
[Round "6.15"]
[White "Jankovec, Ivan"]
[Black "Radecki, Petr"]
[Result "1/2-1/2"]
[WhiteElo "2204"]
[BlackElo "1872"]
[PlyCount "21"]
[EventDate "2002.06.25"]
[EventType "swiss"]
[EventRounds "9"]
[EventCountry "CZE"]
[SourceTitle "EXT 2003"]
[Source "ChessBase"]
[SourceDate "2002.11.25"]
[SourceVersion "1"]
[SourceVersionDate "2002.11.25"]
[SourceQuality "1"]

1. d4 Nf6 2. c4 g6 3. Nc3 Bg7 4. e4 d6 5. Nf3 0-0 6. Be2 e5 7. dxe5 dxe5 8. Qxd8 Rxd8 9. Bg5 Re8 10. Nd5 Nxd5 11. cxd5 1/2-1/2

[Event "Karvina op"]
[Site "Karvina"]
[Date "2002.??.??"]
[Round "5.21"]
[White "Radecki, Petr"]
[Black "Blaszczok, Grzegorz"]
[Result "1-0"]
[WhiteElo "1872"]
[BlackElo "2172"]
[PlyCount "47"]
[EventDate "2002.06.25"]
[EventType "swiss"]
[EventRounds "9"]
[EventCountry "CZE"]
[SourceTitle "EXT 2003"]
[Source "ChessBase"]
[SourceDate "2002.11.25"]
[SourceVersion "1"]
[SourceVersionDate "2002.11.25"]
[SourceQuality "1"]

1. e4 d6 2. d4 Nf6 3. Nc3 g6 4. Be3 Bg7 5. h3 0-0 6. f4 d5 7. e5 Ne8 8. Nf3 e6 9. Bd3 b6 10. Qe2 Nd7 11. Qf2 Qe7 12. g4 f5 13. gxf5 gxf5 14. Rg1 c5 15. 0-0-0 c4 16. Be2 b5 17. Nxb5 Rb8 18. Nd6 Nxd6 19. exd6 Qxd6 20. Qh4 Kh8 21. Rxg7 Kxg7 22. Rg1+ Kf7 23. Ne5+ Nxe5 24. fxe5 1-0